| 000 -LEADER | |
|---|---|
| fixed length control field | 00406nam a22001697a 4500 |
| 005 - DATE AND TIME OF LATEST TRANSACTION | |
| control field | 20160527103933.0 |
| 008 - FIXED-LENGTH DATA ELEMENTS--GENERAL INFORMATION | |
| fixed length control field | 160527b xxu||||| |||| 00| 0 eng d |
| 020 ## - INTERNATIONAL STANDARD BOOK NUMBER | |
| ISBN | 978-0-07-068212-2 |
| 041 ## - LANGUAGE CODE | |
| Language code of text/sound track or separate title | eng |
| 082 ## - DEWEY DECIMAL CLASSIFICATION NUMBER | |
| Item number | 5392 |
| 100 ## - MAIN ENTRY--AUTHOR NAME | |
| Personal name | Nargundkar, Rajendra |
| 245 ## - TITLE STATEMENT | |
| Title | Service Marketing |
| 260 ## - PUBLICATION, DISTRIBUTION, ETC. (IMPRINT) | |
| Place of publication | New Delhi |
| Name of publisher | Academic Faundation |
| 300 ## - PHYSICAL DESCRIPTION | |
| Number of Pages | 459 |
| 650 ## - SUBJECT ADDED ENTRY--TOPICAL TERM | |
| Topical Term | Management |
| 942 ## - ADDED ENTRY ELEMENTS (KOHA) | |
| Koha item type | Books |
| Lost status | Damaged status | Collection code | Home library | Current library | Shelving location | Date acquired | Full call number | Accession Number | Koha item type |
|---|---|---|---|---|---|---|---|---|---|
| Reference | JRU Library | SHELF-29-G | 27/05/2016 | 5392 | 5392 | Books | |||
| MANAGEMENT | JRU Library | JRU Library | SHELF- 68 I | 27/05/2016 | 5392 | 5393 | Books | ||
| MANAGEMENT | JRU Library | JRU Library | SHELF- 68 I | 27/05/2016 | 5392 | 5394 | Books | ||
| MANAGEMENT | JRU Library | JRU Library | SHELF- 68 I | 27/05/2016 | 658.8 | 5395 | Books | ||
| MANAGEMENT | JRU Library | JRU Library | SHELF- 68 I | 27/05/2016 | 5392 | 5396 | Books | ||
| MANAGEMENT | JRU Library | JRU Library | SHELF-35-C | 27/05/2016 | 5392 | 5397 | Books | ||
| MANAGEMENT | JRU Library | JRU Library | SHELF- 68 I | 27/05/2016 | 5392 | 5398 | Books | ||
| MANAGEMENT | JRU Library | JRU Library | SHELF- 68 I | 27/05/2016 | 5392 | 5399 | Books | ||
| MANAGEMENT | JRU Library | JRU Library | SHELF- 68 I | 27/05/2016 | 5392 | 5400 | Books | ||
| MANAGEMENT | JRU Library | JRU Library | SHELF- 68 I | 27/05/2016 | 5392 | 5401 | Books |